000 00244nam a2200097Ia 4500
005 20251222114341.0
008 251222s1900||||xx |||||||||||||| ||spa||
082 _aDVD0070/S75/2011/Ej.2
245 0 _aCaballo de guerra:Caballo de batalla
942 _cDVD
999 _c868
_d868